| 000 | 00377cam a22001217a 4500 | ||
|---|---|---|---|
| 008 | 180718b1899 xxu||||| |||| 00| 0 eng d | ||
| 082 | _aA6x54 So87 | ||
| 245 | _aIndia, Ceylon straits settlements British North Borneo Hong-Kong | ||
| 260 |
_aLondon _bKegan Paul _c1899 |
||
| 300 | _a536+p. | ||
| 440 | _aThe British Empire Series; v.1. | ||
| 650 | _aGreat Britain --Colonies --Asia | ||
| 999 |
_c438149 _d438149 |
||